000 00430nam a22001691c 4500
001 a02043
008 051003s1994 gw |||| 000u rus d
041 _arus
100 1 _aAdibekov, Grant M.
245 0 0 _aKominform i poslevoennaja Evropa :
_b1947-1956 gg.
264 _aMoskva :
_bRossija molodaja,
_c1994
300 _a235 S. Br.
942 _cMG
040 _cRU-10907106
003 RU-10907106
999 _c7071
_d7071
490 0 _aPervaja monografija